000 nam a22 a 4500
999 _c676
_d676
005 20170504150820.0
008 170504b1987 ny ||||| |||| 00| 0 eng d
020 _a0425114686
040 _aAKMAL
082 _a158.2 BOE
090 _a158.2
_bBOE
100 1 _a LeBoeuf, Michael
_91299
245 1 0 _aHow to win customers and keep them for life
260 _aPiatkus,
_b1990
300 _a[192]p
_ccm
650 0 _aSelling
_91450
942 _2ddc
_cBOOK